000 00613nam a2200217Ia 4500
003 OSt
005 20230704112714.0
008 210423s9999 xx 000 0 und d
040 _cAL
041 _aeng
082 _a340
_223
_bMENU
100 _aMENON (N R);MADHAVA
_9113212
245 _aUntouchability and atrocities: human rights education series
260 _bLegal Services
_alaw of india
_c2021
300 _a1,13
365 _cINR
650 _aLaw
_9113213
650 _aSocial Sciences
_9113214
906 _aatrocities: ; education ; human ; rights ; series ; Untouchability
942 _2ddc
_cBK
999 _c173032
_d173032